L'Afrique en face : Dix clichés à l'épreuve des faits (notice n° 1566582)

détails MARC
000 -LEADER
fixed length control field 01224cam a2200133 4500500
005 - DATE AND TIME OF LATEST TRANSACTION
control field 20251214001929.0
041 ## - LANGUAGE CODE
Language code of text/sound track or separate title fre
042 ## - AUTHENTICATION CODE
Authentication code dc
100 10 - MAIN ENTRY--PERSONAL NAME
Personal name Hugeux, Vincent
Relator term author
245 00 - TITLE STATEMENT
Title L'Afrique en face : Dix clichés à l'épreuve des faits
260 ## - PUBLICATION, DISTRIBUTION, ETC.
Name of publisher, distributor, etc. Armand Colin,<br/>
Date of publication, distribution, etc. 2010.<br/>
520 ## - SUMMARY, ETC.
Summary, etc. Sommet Afrique-France, Mondial de football sud-africain, Cinquantenaire des indépendances… ces trois rendez-vous, riches de symboles, adressent au continent noir la même question : où vas-tu et dans quel état ? Conflits armés, pandémies, corruption, despotisme, péril climatique… Autant de fardeaux dont il serait absurde de nier le poids écrasant. Mais tous les stéréotypes véhiculés par un Occident cultivant l’ignorance, le fatalisme ou le mépris sont plus néfastes encore, car ils entravent tout espoir de changement. Il est plus que temps de regarder « l’Afrique en face », sans nostalgie ni culpabilité post-coloniale. Sans complaisance ni acharnement. À rebours de l’optimisme béat comme du pessimisme stérile, un plaidoyer pour l’« afro-réalisme » s’impose.
856 41 - ELECTRONIC LOCATION AND ACCESS
Uniform Resource Identifier <a href="https://shs.cairn.info/l-afrique-en-face--9782200248680?lang=fr&redirect-ssocas=7080">https://shs.cairn.info/l-afrique-en-face--9782200248680?lang=fr&redirect-ssocas=7080</a>

Pas d'exemplaire disponible.

PLUDOC

PLUDOC est la plateforme unique et centralisée de gestion des bibliothèques physiques et numériques de Guinée administré par le CEDUST. Elle est la plus grande base de données de ressources documentaires pour les Étudiants, Enseignants chercheurs et Chercheurs de Guinée.

Adresse

627 919 101/664 919 101

25 boulevard du commerce
Kaloum, Conakry, Guinée

Réseaux sociaux

Powered by Netsen Group @ 2025